[Event "Ostravský koník 2014 - MÈR"]
[Site "Ostrava, CZE"]
[Date "2014.05.01"]
[Round "6"]
[White "Malik, Jan"]
[Black "Szotkowski, Jakub"]
[Result "1/2-1/2"]
[WhiteElo "2289"]
[BlackElo "2161"]
[PlyCount "136"]

1. e4 c5 2. Nf3 e6 3. d4 cxd4 4. Nxd4 Nc6 5. Nb5 d6 6. c4 Nf6 7. N1c3 a6 8. Na3
Be7 9. Be3 O-O 10. Be2 b6 11. O-O Bb7 12. f3 Ne5 13. Qb3 Ned7 14. Rfd1 Bc6 15.
Bf1 Qb8 16. Rd2 Rd8 17. Qd1 Ne5 18. Nc2 Qb7 19. Nd4 Be8 20. Rc1 Rac8 21. b3 h6
22. Be2 Nc6 23. Nxc6 Bxc6 24. b4 b5 25. a4 bxc4 26. b5 axb5 27. axb5 Bxe4 28.
fxe4 Nxe4 29. Bf3 Nxc3 30. Bxb7 Nxd1 31. Rdxd1 Rb8 32. Bc6 d5 33. Ba7 Rbc8 34.
Bb6 Rf8 35. Kf1 Bf6 36. Rc2 g5 37. Ra2 Kg7 38. Ke2 Be5 39. Ra7 Kg6 40. h3 h5
41. Bc5 Rh8 42. Rf1 Rh7 43. Rd7 f5 44. Bd6 Bd4 45. Rd1 Rxd7 46. Bxd7 Rd8 47.
Bc6 Rxd6 48. Rxd4 Kf6 49. Rd1 Ke5 50. Rb1 Rd8 51. b6 Kd6 52. b7 Kxc6 53. b8=Q
Rxb8 54. Rxb8 d4 55. Rg8 g4 56. Rh8 gxh3 57. gxh3 Kd5 58. Rxh5 Ke4 59. Rh6 e5
60. h4 c3 61. h5 d3+ 62. Kd1 Ke3 63. Rc6 c2+ 64. Rxc2 dxc2+ 65. Kxc2 f4 66. h6
f3 67. h7 f2 68. h8=Q f1=Q 1/2-1/2

[Event "Ostravský koník 2014 - MÈR"]
[Site "Ostrava, CZE"]
[Date "2014.05.01"]
[Round "6"]
[White "Olsarova, Karolina"]
[Black "Marikova, Jana"]
[Result "1/2-1/2"]
[WhiteElo "2279"]
[BlackElo "2079"]
[PlyCount "123"]

1. e4 c5 2. Nf3 d6 3. Bb5+ Bd7 4. Bxd7+ Qxd7 5. c4 Nc6 6. Nc3 e6 7. d4 cxd4 8.
Nxd4 Nf6 9. Nde2 Be7 10. Bf4 O-O 11. Qd2 Rfd8 12. Rd1 a6 13. f3 Rac8 14. b3 Ne5
15. a4 Qc7 16. Qa2 Qa5 17. O-O Nfd7 18. Kh1 Nc5 19. Be3 Nc6 20. Rb1 Nb4 21. Qd2
Qc7 22. Rfd1 Bf6 23. h3 g6 24. Nc1 Qe7 25. N1a2 Nxa2 26. Nxa2 Be5 27. Nc3 Qh4
28. Ne2 Qe7 29. a5 Qc7 30. Bg5 f6 31. Be3 g5 32. Qa2 Qc6 33. Rbc1 Qe8 34. Kg1
Qe7 35. Nd4 Nd7 36. Rc2 Nb8 37. Rcd2 Nc6 38. Ne2 Rd7 39. Qa4 Qf7 40. Bf2 Rcd8
41. Bb6 Rc8 42. b4 Nb8 43. Qb3 Re7 44. Bd4 Nc6 45. Bf2 Rec7 46. Bb6 Re7 47. Rd3
Nb8 48. Bd4 Nc6 49. Bf2 Nb8 50. Rc1 Rd7 51. Be3 Nc6 52. Rcd1 Nb8 53. Nc3 Rdc7
54. c5 dxc5 55. Bxc5 Rd7 56. Na4 Rcd8 57. Nb6 Rxd3 58. Rxd3 Rxd3 59. Qxd3 Nc6
60. Nc4 Qc7 61. Nxe5 Nxe5 62. Qd4 1/2-1/2

[Event "Ostravský koník 2014 - MÈR"]
[Site "Ostrava, CZE"]
[Date "2014.05.01"]
[Round "6"]
[White "Michenka, Jozef"]
[Black "Vesely, Martin"]
[Result "1-0"]
[WhiteElo "2353"]
[BlackElo "2156"]
[PlyCount "81"]

1. d4 Nf6 2. c4 c5 3. d5 b5 4. cxb5 a6 5. bxa6 Bxa6 6. Nc3 d6 7. Nf3 g6 8. e4
Bxf1 9. Kxf1 Bg7 10. g3 O-O 11. Kg2 Nbd7 12. Re1 Ng4 13. Qc2 Qa5 14. Bd2 Rfb8
15. a4 Qb6 16. Nb5 c4 17. Re2 Nc5 18. h3 Ne5 19. Nxe5 Bxe5 20. Be3 Qa5 21. Bxc5
Rxb5 22. axb5 Qxa1 23. Be3 Qa4 24. f4 Bg7 25. Qxa4 Rxa4 26. b6 Rb4 27. e5 Rb5
28. Rc2 dxe5 29. Rxc4 Rxb2+ 30. Kf1 exf4 31. Bxf4 h5 32. Bc7 Bf6 33. Ra4 Kh7
34. Ke1 Kg7 35. Kd1 Kf8 36. Kc1 Rb5 37. Kc2 Bg5 38. Ra3 Rc5+ 39. Rc3 Rb5 40.
Rb3 Rc5+ 41. Kd3 1-0

[Event "Ostravský koník 2014 - MÈR"]
[Site "Ostrava, CZE"]
[Date "2014.05.01"]
[Round "6"]
[White "Firt, Stanislav"]
[Black "Zidek, Vaclav"]
[Result "1/2-1/2"]
[WhiteElo "2253"]
[BlackElo "2135"]
[PlyCount "31"]

1. d4 Nf6 2. c4 e6 3. Nf3 b6 4. Bf4 Bb7 5. e3 Bb4+ 6. Nfd2 c5 7. a3 Bxd2+ 8.
Qxd2 Nc6 9. Nc3 cxd4 10. exd4 d5 11. Nb5 O-O 12. Nd6 Qd7 13. c5 Ne4 14. Nxe4
dxe4 15. Bd6 Rfd8 16. Bb5 1/2-1/2

[Event "Ostravský koník 2014 - MÈR"]
[Site "Ostrava, CZE"]
[Date "2014.05.01"]
[Round "6"]
[White "Chlevistan, Jakub"]
[Black "Kuba, Jindrich"]
[Result "0-1"]
[WhiteElo "2142"]
[BlackElo "2239"]
[PlyCount "142"]

1. Nf3 Nf6 2. c4 e6 3. Nc3 b6 4. g3 Bb7 5. Bg2 Be7 6. d4 d5 7. Ne5 O-O 8. O-O
Nbd7 9. cxd5 exd5 10. Bf4 c5 11. Rc1 Re8 12. dxc5 Nxc5 13. Nb5 Ne6 14. Bh3 Nxf4
15. gxf4 Bd6 16. Nxd6 Qxd6 17. Qd4 Ne4 18. Rfd1 f6 19. Qxe4 fxe5 20. fxe5 Rxe5
21. Qd4 Rae8 22. Kh1 Re4 23. Qd3 Rxe2 24. Bg2 Rxf2 25. Re1 Ref8 26. Qg3 Qxg3
27. hxg3 R2f7 28. Rcd1 Rd8 29. Rd4 Ba8 30. Re5 Rf2 31. Re7 a5 32. b4 Rc8 33.
Ra7 Rc1+ 34. Kh2 Bc6 35. Kh3 Rcc2 36. Bxd5+ Bxd5 37. Rxd5 h5 38. Kh4 Rh2+ 39.
Kg5 Rc4 40. bxa5 bxa5 41. Kg6 Rc6+ 42. Kg5 Kh7 43. Raxa5 Rg6+ 44. Kf4 Rg4+ 45.
Kf3 Kh6 46. a4 Rh3 47. Kf2 g6 48. Rd3 h4 49. Rad5 Rgxg3 50. Rxg3 Rxg3 51. a5
Ra3 52. Kg2 g5 53. Rb5 Kh5 54. Kh2 Kg4 55. Rb4+ Kf3 56. Kh3 Rxa5 57. Rg4 Ra1
58. Rg3+ Kf4 59. Rg4+ Kf5 60. Rb4 Ra3+ 61. Kg2 Kg6 62. Rc4 Kh5 63. Rb4 Ra5 64.
Rc4 g4 65. Rc2 h3+ 66. Kh2 Kh4 67. Rc4 Ra2+ 68. Kh1 Re2 69. Ra4 Kg3 70. Ra3+
Kf4 71. Kg1 Re3 0-1

[Event "Ostravský koník 2014 - MÈR"]
[Site "Ostrava, CZE"]
[Date "2014.05.01"]
[Round "6"]
[White "Krajina, Ales"]
[Black "Sindler, Michal"]
[Result "1/2-1/2"]
[WhiteElo "2228"]
[BlackElo "2157"]
[PlyCount "85"]

1. d4 Nf6 2. Nf3 g6 3. Nc3 Bg7 4. e4 d6 5. Bc4 O-O 6. Qe2 c6 7. e5 dxe5 8. dxe5
Nd5 9. Bd2 Bg4 10. O-O-O e6 11. h3 Bxf3 12. gxf3 Nd7 13. f4 Nxc3 14. Bxc3 b5
15. Bxb5 cxb5 16. Qxb5 Qh4 17. Qxd7 Qxf4+ 18. Qd2 Bxe5 19. Qxf4 Bxf4+ 20. Kb1
Bc7 21. Rd7 Bb6 22. f3 Rac8 23. a4 Rc5 24. Bb4 Rf5 25. Bxf8 Kxf8 26. Rd3 Rf4
27. b3 Ke7 28. Kb2 h5 29. c3 a5 30. b4 axb4 31. cxb4 Rxb4+ 32. Rb3 Bd4+ 33. Ka3
Rc4 34. Rb7+ Kf6 35. Rd1 e5 36. Rd3 Rc1 37. Rb5 g5 38. Kb3 Rh1 39. a5 Rxh3 40.
a6 Rh1 41. Ra5 Rb1+ 42. Kc4 Rb8 43. Rb3 1/2-1/2

[Event "Ostravský koník 2014 - MÈR"]
[Site "Ostrava, CZE"]
[Date "2014.05.01"]
[Round "6"]
[White "Frolik, Martin"]
[Black "Dobes, Vojtech"]
[Result "1/2-1/2"]
[WhiteElo "2213"]
[BlackElo "2103"]
[PlyCount "98"]

1. d4 Nf6 2. Nf3 e6 3. c4 b6 4. Nc3 Bb4 5. e3 Bb7 6. Bd3 O-O 7. a3 Bxc3+ 8.
bxc3 c5 9. O-O d6 10. Re1 Nc6 11. e4 e5 12. d5 Ne7 13. Nh4 Qd7 14. Bg5 Ne8 15.
Bc2 f6 16. Bc1 Bc8 17. Nf5 Nxf5 18. exf5 Ba6 19. Bd3 Nc7 20. a4 Rfe8 21. Qf3
Rab8 22. Re4 Bb7 23. Rg4 Re7 24. Rh4 a6 25. Qh5 h6 26. Qg6 Qe8 27. Rxh6 Qxg6
28. Rxg6 e4 29. Be2 b5 30. axb5 axb5 31. cxb5 Nxd5 32. Rg3 e3 33. Bxe3 Nxc3 34.
Bc4+ Bd5 35. Bxc5 Bxc4 36. Rxc3 dxc5 37. Rxc4 Rxb5 38. g4 Kf7 39. Kg2 Rb4 40.
Rac1 Rxc4 41. Rxc4 Rc7 42. Kf3 Ke7 43. Ke4 Kd6 44. h4 Re7+ 45. Kd3 Ra7 46. Re4
Kd5 47. Re8 c4+ 48. Kc3 Ra3+ 49. Kc2 Ra2+ 1/2-1/2

[Event "Ostravský koník 2014 - MÈR"]
[Site "Ostrava, CZE"]
[Date "2014.05.01"]
[Round "6"]
[White "Machycek, Lubomir"]
[Black "Splichal, Stanislav"]
[Result "1/2-1/2"]
[WhiteElo "2210"]
[BlackElo "2125"]
[PlyCount "44"]

1. c4 e6 2. Nc3 d5 3. d4 Nf6 4. Nf3 Be7 5. Bg5 O-O 6. e3 h6 7. Bh4 b6 8. cxd5
Nxd5 9. Bxe7 Qxe7 10. Bc4 Nxc3 11. bxc3 Bb7 12. O-O c5 13. Qe2 Nc6 14. Ba6 Bxa6
15. Qxa6 cxd4 16. cxd4 Nb4 17. Qa4 Rfc8 18. Rfc1 Nd5 19. Kf1 Qb7 20. Ne5 b5 21.
Qa5 Qb6 22. Qxb6 Nxb6 1/2-1/2

[Event "Ostravský koník 2014 - MÈR"]
[Site "Ostrava, CZE"]
[Date "2014.05.01"]
[Round "6"]
[White "Richterova, Natasa"]
[Black "Lys, Josef"]
[Result "0-1"]
[WhiteElo "2034"]
[BlackElo "2206"]
[PlyCount "145"]

1. e4 c6 2. d4 d5 3. Nd2 dxe4 4. Nxe4 Nd7 5. Bc4 Nb6 6. Bb3 Nf6 7. Ng3 Qd6 8.
N1e2 Be6 9. Bf4 Qd7 10. c3 Bxb3 11. axb3 Nfd5 12. Bd2 e6 13. c4 Nf6 14. O-O Be7
15. Bc3 O-O 16. Nf4 a6 17. Qf3 Rae8 18. Ngh5 Nxh5 19. Nxh5 f6 20. Rfe1 Rf7 21.
Qe3 Bd8 22. Re2 Na8 23. Rae1 Bb6 24. Qf4 Nc7 25. Qg4 Kh8 26. c5 Ba7 27. Ba5 f5
28. Qh4 Bb8 29. Nf4 Rf6 30. Nh5 Rg6 31. Bxc7 Bxc7 32. h3 Qd5 33. g3 Qxb3 34.
Nf4 Bxf4 35. Qxf4 Qd5 36. Re5 Qd7 37. Qxf5 Qxd4 38. Qf7 Rg8 39. Kh2 Rf6 40. Qh5
Qxf2+ 41. Kh1 Rf3 42. g4 g6 43. Qh6 Qg3 44. R5e3 e5 45. Rg1 Rxe3 46. Rxg3 Rxg3
47. Qh4 Rf3 48. Qe7 Rgf8 49. Qxe5+ Kg8 50. g5 R3f5 51. Qe6+ R8f7 52. Qe3 Kf8
53. Kg2 Re7 54. Qd4 Rxg5+ 55. Kh2 Rge5 56. Qd8+ Kf7 57. b4 Rd5 58. Qh8 Ke6 59.
Qc8+ Rdd7 60. Qg8+ Ke5 61. Qc4 Rd4 62. Qe2+ Re4 63. Qd3 Kf6 64. Qc3+ R7e5 65.
Qf3+ Ke7 66. Qc3 Re2+ 67. Kg1 Re1+ 68. Kf2 R5e2+ 69. Kf3 Re3+ 70. Qxe3+ Rxe3+
71. Kxe3 Ke6 72. Ke4 g5 73. Kd4 0-1

[Event "Ostravský koník 2014 - MÈR"]
[Site "Ostrava, CZE"]
[Date "2014.05.01"]
[Round "6"]
[White "Kubik, Michael"]
[Black "Dostal, Radim"]
[Result "1-0"]
[WhiteElo "2203"]
[BlackElo "2043"]
[PlyCount "95"]

1. e4 e6 2. d4 d5 3. Nd2 Nf6 4. e5 Nfd7 5. f4 c5 6. c3 Nc6 7. Ndf3 h5 8. Ne2
Be7 9. g3 g6 10. Bh3 cxd4 11. cxd4 Nb6 12. O-O Bd7 13. Nc3 Rc8 14. Rf2 Na5 15.
Qd3 a6 16. Ng5 Qc7 17. Bd2 Qc4 18. Qe3 Nc6 19. Nf3 Nb4 20. Bf1 Qc7 21. Be1 Nc4
22. Qe2 b5 23. Rc1 Nc6 24. b3 Nb6 25. Qb2 b4 26. Nd1 Qb7 27. Rfc2 O-O 28. Ne3
Na7 29. g4 hxg4 30. Nxg4 Kg7 31. Nf6 Bb5 32. Rg2 Bxf1 33. Kxf1 Rxc1 34. Qxc1
Rc8 35. Qb1 Qc7 36. Nh4 Bxf6 37. Nxg6 Qc1 38. Ne7+ Kf8 39. Qxc1 Rxc1 40. exf6
Ke8 41. h4 Nd7 42. Rg8+ Nf8 43. h5 Rc2 44. Bf2 Nc8 45. Ng6 fxg6 46. hxg6 Ne7
47. fxe7 Kxe7 48. Bh4+ 1-0

[Event "Ostravský koník 2014 - MÈR"]
[Site "Ostrava, CZE"]
[Date "2014.05.01"]
[Round "6"]
[White "Soural, Jan"]
[Black "Obsivac, Josef"]
[Result "0-1"]
[WhiteElo "2194"]
[BlackElo "2299"]
[PlyCount "90"]

1. c4 Nf6 2. Nf3 g6 3. d4 Bg7 4. Nc3 O-O 5. e4 d6 6. Be2 e5 7. O-O Na6 8. Be3
Ng4 9. Bg5 Qe8 10. h3 h6 11. Bc1 Nf6 12. dxe5 dxe5 13. Be3 c6 14. Qb1 Nh5 15.
b4 Qe7 16. b5 Nc7 17. Rd1 Nf4 18. Bf1 Qf6 19. bxc6 bxc6 20. Nh2 h5 21. Qb4 Nce6
22. Rd6 Qe7 23. Rb1 Nd4 24. Bxf4 exf4 25. c5 Qe5 26. Ne2 Ne6 27. Rxc6 Ng5 28.
f3 Ne6 29. Rd1 Rb8 30. Qc4 Bb7 31. Rd5 Bxc6 32. Rxe5 Bxe5 33. Qa6 Rfc8 34. Qxa7
Ra8 35. Qe7 Rxa2 36. Nc1 Ra1 37. Nb3 Rc7 38. Qh4 Rd1 39. Qf2 Ba4 40. Qc2 Bxb3
41. Qxb3 Ra1 42. Qb8+ Kg7 43. c6 Bd4+ 44. Kh1 Rxc6 45. g3 Rb6 0-1

[Event "Ostravský koník 2014 - MÈR"]
[Site "Ostrava, CZE"]
[Date "2014.05.01"]
[Round "6"]
[White "Vrana, Frantisek"]
[Black "Novosadova, Kristyna"]
[Result "0-1"]
[WhiteElo "2245"]
[BlackElo "2187"]
[PlyCount "143"]

1. Nf3 d5 2. g3 Nf6 3. Bg2 c6 4. O-O Nbd7 5. d4 g6 6. Nbd2 Bg7 7. b3 O-O 8. Bb2
Re8 9. c4 Nb6 10. Re1 Ne4 11. Nxe4 dxe4 12. Ng5 f5 13. h4 Qc7 14. Qd2 e6 15.
Bc3 Bf6 16. Rad1 Qg7 17. f4 Bd7 18. Rc1 Rad8 19. e3 Bc8 20. Qc2 h6 21. Nh3 Kf7
22. Ba5 Rd7 23. Rf1 Kg8 24. Qe2 Na8 25. Be1 b6 26. g4 Qe7 27. g5 hxg5 28. Nxg5
c5 29. dxc5 bxc5 30. Bc3 Bxc3 31. Rxc3 Red8 32. Rc2 Rd3 33. h5 e5 34. hxg6 exf4
35. Qh5 Qg7 36. Rxf4 R8d6 37. Qh7+ Kf8 38. Nxe4 Rxg6 39. Qxg7+ Kxg7 40. Nxc5
Rxe3 41. Kf2 Re5 42. Nd3 Rxg2+ 43. Kxg2 Re3 44. Nc5 Nb6 45. Rd2 Kf6 46. Kf2 Re5
47. Nd3 Re8 48. Rh4 Kg5 49. Rh7 Nd7 50. c5 Nf6 51. Rg7+ Kh6 52. Rxa7 Ne4+ 53.
Ke2 Nxd2+ 54. Kxd2 Kg5 55. Rg7+ Kf6 56. Rg2 Bb7 57. Rf2 Be4 58. Kc3 Rd8 59. Nf4
Ke5 60. b4 Rd1 61. Kc4 Rc1+ 62. Kb5 Kd4 63. Ne2+ Ke3 64. Nxc1 Kxf2 65. c6 Ke3
66. c7 Bb7 67. Kc4 f4 68. b5 f3 69. Nd3 Bc8 70. a4 Bf5 71. Kc3 Ke2 72. Kd4 0-1

[Event "Ostravský koník 2014 - MÈR"]
[Site "Ostrava, CZE"]
[Date "2014.05.01"]
[Round "6"]
[White "Nguyen, Thai Dai Van"]
[Black "Didi, Jan"]
[Result "1-0"]
[WhiteElo "2217"]
[BlackElo "2069"]
[PlyCount "115"]

1. e4 c5 2. Nf3 d6 3. d4 cxd4 4. Nxd4 Nf6 5. Nc3 e6 6. Be2 Be7 7. O-O O-O 8. f4
Nc6 9. Be3 a6 10. Bf3 Qc7 11. Qe1 e5 12. Nde2 b5 13. a3 Bb7 14. Qf2 Rac8 15. f5
b4 16. Nd5 Nxd5 17. exd5 Nb8 18. c3 bxa3 19. Rxa3 Nd7 20. Ng3 Nf6 21. Rd1 Rfe8
22. Rb3 Bf8 23. Ne4 Nxd5 24. Rxb7 Qxb7 25. Rxd5 Qc7 26. Qg3 Kh8 27. f6 Rb8 28.
Rd2 d5 29. Nc5 Rb6 30. Nd7 Qxd7 31. Bxb6 e4 32. Bd4 g6 33. Bg4 Qc6 34. Qe3 a5
35. h4 a4 36. h5 Kg8 37. hxg6 hxg6 38. g3 Rb8 39. Kg2 Kh7 40. Kh1 Kg8 41. Bd1
Qc4 42. Qe2 Qc6 43. Qg4 a3 44. bxa3 Rb1 45. Qe2 Bh6 46. Rb2 Rc1 47. Rc2 Rb1 48.
Rb2 Rc1 49. Kh2 Qd6 50. Kg2 Qxa3 51. Rb8+ Kh7 52. Rb7 Kg8 53. Bb3 Qd6 54. Rb6
Qa3 55. Bxd5 e3 56. Rb8+ Bf8 57. Qb2 Qxb2+ 58. Rxb2 1-0

[Event "Ostravský koník 2014 - MÈR"]
[Site "Ostrava, CZE"]
[Date "2014.05.01"]
[Round "6"]
[White "Vybiral, Zdenek"]
[Black "Olsar, Jaroslav"]
[Result "1/2-1/2"]
[WhiteElo "2167"]
[BlackElo "2267"]
[PlyCount "81"]

1. d4 d5 2. c4 c6 3. Nc3 Nf6 4. e3 Bf5 5. cxd5 cxd5 6. Qb3 Bc8 7. Bb5+ Nc6 8.
Nf3 e6 9. Ne5 Bd7 10. f4 Bd6 11. O-O O-O 12. Bd3 Na5 13. Qd1 Rc8 14. Qe2 a6 15.
Bd2 b5 16. b3 Bc6 17. Qe1 b4 18. Ne2 Qb6 19. Nxc6 Rxc6 20. Ng3 Nb7 21. Qe2 Rfc8
22. Rac1 g6 23. Bxa6 R8c7 24. Bd3 Nd7 25. Rxc6 Rxc6 26. Nh1 f5 27. Nf2 Nf6 28.
Rc1 Nd8 29. Qe1 Kg7 30. Rxc6 Nxc6 31. Qc1 Kf7 32. Bf1 Kg7 33. h3 Qb7 34. Qc2
Na7 35. Nd3 Ne4 36. Nf2 Nb5 37. Nxe4 fxe4 38. Be1 Be7 39. Be2 Na7 40. Bd2 Nb5
41. Be1 1/2-1/2

[Event "Ostravský koník 2014 - MÈR"]
[Site "Ostrava, CZE"]
[Date "2014.05.01"]
[Round "6"]
[White "Ockay, Tomas"]
[Black "Kozusek, Daniel"]
[Result "1-0"]
[WhiteElo "2154"]
[BlackElo "2098"]
[PlyCount "93"]

1. Nf3 d6 2. d4 Bg4 3. b3 g6 4. Bb2 Bg7 5. e3 c5 6. Be2 Nc6 7. O-O cxd4 8. Nxd4
Bxe2 9. Qxe2 Nxd4 10. exd4 Nh6 11. Nd2 O-O 12. c4 Nf5 13. Nf3 e6 14. Rac1 a5
15. Rfd1 a4 16. b4 a3 17. Bc3 Qd7 18. c5 Qc6 19. Qc4 b5 20. Qb3 Qd5 21. Qxd5
exd5 22. Re1 h5 23. h3 h4 24. Kf1 Rfe8 25. Rxe8+ Rxe8 26. Re1 Re4 27. c6 Rxe1+
28. Nxe1 Ne7 29. c7 Bh6 30. Ke2 Kf8 31. Kd1 Ke8 32. Nc2 Kd7 33. Nxa3 Kc6 34.
Bd2 Bg7 35. Bg5 f6 36. Bxh4 g5 37. Bg3 f5 38. Nc2 f4 39. Bh2 Kxc7 40. Ke2 Nf5
41. Kd3 Nh4 42. Ne1 Bf6 43. g3 fxg3 44. fxg3 Nf5 45. Nf3 Kc6 46. g4 Ne7 47. Bg1
1-0

[Event "Ostravský koník 2014 - MÈR"]
[Site "Ostrava, CZE"]
[Date "2014.05.01"]
[Round "6"]
[White "Bures, Martin"]
[Black "Hladik, Lumír"]
[Result "1/2-1/2"]
[WhiteElo "2156"]
[BlackElo "2034"]
[PlyCount "88"]

1. d4 Nf6 2. c4 c5 3. d5 b5 4. cxb5 a6 5. f3 axb5 6. e4 Qa5+ 7. Bd2 Qa4 8. b3
Qa7 9. Bxb5 Ba6 10. Nc3 Bxb5 11. Nxb5 Qb6 12. a4 d6 13. Nh3 g6 14. Nf2 Bg7 15.
Nd3 O-O 16. Nb2 Nxd5 17. Nc4 Qxb5 18. axb5 Rxa1 19. Qxa1 Bxa1 20. exd5 Nd7 21.
Bg5 Bf6 22. Bxf6 Nxf6 23. Kf2 Rb8 24. Rd1 Rxb5 25. Rd3 Kf8 26. Ke2 Nd7 27. f4
Nb6 28. Nd2 Ra5 29. Ke3 Ra2 30. g4 Rc2 31. Ke4 c4 32. bxc4 Nxc4 33. Nf3 Nb6 34.
g5 Re2+ 35. Kd4 Nd7 36. Rd2 e5+ 37. dxe6 Rxd2+ 38. Nxd2 fxe6 39. Ne4 Ke7 40. h4
d5 41. Ng3 Kd6 42. Ke3 Kc5 43. h5 Kd6 44. h6 Ke7 1/2-1/2

[Event "Ostravský koník 2014 - MÈR"]
[Site "Ostrava, CZE"]
[Date "2014.05.01"]
[Round "6"]
[White "Miculka, Petr"]
[Black "Kolar, Stanislav"]
[Result "0-1"]
[WhiteElo "2017"]
[BlackElo "2081"]
[PlyCount "70"]

1. e4 d5 2. exd5 Nf6 3. d4 Nxd5 4. Bc4 Nc6 5. c3 g6 6. Nf3 Bg7 7. O-O O-O 8.
Re1 Bg4 9. Bg5 h6 10. Bh4 Qd7 11. h3 Be6 12. Bg3 a6 13. a4 Na5 14. Ba2 b5 15.
Nbd2 bxa4 16. Ne4 Nb7 17. Ne5 Bxe5 18. dxe5 Rfd8 19. Qd2 Kg7 20. Rad1 Qc6 21.
Qe2 Na5 22. Rd4 Rd7 23. Bh4 Rad8 24. Qf3 Bf5 25. Bxd5 Rxd5 26. Rxd5 Rxd5 27.
Bxe7 Rb5 28. g4 Bxe4 29. Rxe4 Rxe5 30. Rxe5 Qxf3 31. Rxa5 f5 32. gxf5 gxf5 33.
Rxa6 Qe2 34. Bf6+ Kf7 35. Rc6 Qe1+ 0-1

[Event "Ostravský koník 2014 - MÈR"]
[Site "Ostrava, CZE"]
[Date "2014.05.02"]
[Round "7"]
[White "Navara, David"]
[Black "Petr, Martin"]
[Result "1-0"]
[WhiteElo "2706"]
[BlackElo "2529"]
[PlyCount "59"]

1. e4 e6 2. d4 d5 3. Nc3 Nf6 4. e5 Nfd7 5. f4 c5 6. Nf3 Nc6 7. Be3 Be7 8. Qd2
O-O 9. Be2 a6 10. O-O b5 11. a3 Qc7 12. Kh1 Bb7 13. Rae1 Rac8 14. f5 cxd4 15.
Bxd4 Nxd4 16. Nxd4 Nxe5 17. fxe6 fxe6 18. Rxf8+ Bxf8 19. Nxe6 Qd6 20. Nxf8 Rxf8
21. Qd4 Nc6 22. Qb6 Rb8 23. Bf3 d4 24. Bd5+ Kf8 25. Rf1+ Ke8 26. Bf7+ Ke7 27.
Ne4 Bc8 28. Nxd6 Kxd6 29. Qxb8+ Nxb8 30. Bg8 1-0

[Event "Ostravský koník 2014 - MÈR"]
[Site "Ostrava, CZE"]
[Date "2014.05.02"]
[Round "7"]
[White "Hracek, Zbynek"]
[Black "Kociscak, Jiri"]
[Result "1/2-1/2"]
[WhiteElo "2633"]
[BlackElo "2434"]
[PlyCount "54"]

1. Nf3 Nf6 2. d4 c5 3. d5 e6 4. Nc3 exd5 5. Nxd5 Nxd5 6. Qxd5 Nc6 7. Bg5 Be7 8.
Bxe7 Qxe7 9. e3 b6 10. O-O-O Bb7 11. Bb5 a6 12. Bxc6 Bxc6 13. Qd6 f6 14. Qc7
O-O 15. Qxb6 Rfb8 16. Qc7 Qf7 17. b3 a5 18. Qd6 a4 19. Qxc5 axb3 20. axb3 Bxf3
21. gxf3 Rc8 22. Qb5 Ra2 23. Rxd7 Qf8 24. Kb1 Rcxc2 25. Qd5+ Kh8 26. Qd4 Qg8
27. Rd8 Rab2+ 1/2-1/2

[Event "Ostravský koník 2014 - MÈR"]
[Site "Ostrava, CZE"]
[Date "2014.05.02"]
[Round "7"]
[White "Rausis, Igors"]
[Black "Vokac, Marek"]
[Result "1/2-1/2"]
[WhiteElo "2578"]
[BlackElo "2422"]
[PlyCount "68"]

1. e4 g6 2. d4 Bg7 3. Nf3 d6 4. Nc3 Nf6 5. Be2 O-O 6. O-O c6 7. a4 a5 8. h3 Na6
9. Bf4 Nb4 10. Qd2 d5 11. e5 Ne8 12. Nd1 f6 13. Re1 Bf5 14. Ne3 Be4 15. exf6
exf6 16. c3 Na6 17. Nf1 Nd6 18. Qd1 Nc7 19. N3d2 Bf5 20. Ne3 Be6 21. Bd3 Bf7
22. Ng4 Re8 23. Qb3 Ne6 24. Bh2 Qd7 25. Qd1 Ng5 26. Qc2 Be6 27. Ne3 Bf7 28. h4
Nge4 29. f3 Nxd2 30. Qxd2 Nc4 31. Qf2 Nxe3 32. Rxe3 Bh6 33. Rxe8+ Rxe8 34. Re1
b5 1/2-1/2

[Event "Ostravský koník 2014 - MÈR"]
[Site "Ostrava, CZE"]
[Date "2014.05.02"]
[Round "7"]
[White "Blatny, Pavel"]
[Black "Oral, Tomas"]
[Result "0-1"]
[WhiteElo "2418"]
[BlackElo "2515"]
[PlyCount "76"]

1. d4 Nf6 2. Nf3 e6 3. c3 b6 4. Bf4 Bb7 5. e3 Be7 6. h3 O-O 7. Nbd2 c5 8. Bd3
d6 9. Qe2 Nc6 10. Bh2 Rc8 11. O-O Re8 12. Rad1 Qc7 13. Rfe1 Bf8 14. Bb5 cxd4
15. exd4 Rcd8 16. Nf1 Qc8 17. Ne3 a6 18. Bd3 b5 19. Bc2 g6 20. a4 b4 21. c4 Bg7
22. Qd2 a5 23. Bg3 e5 24. dxe5 dxe5 25. Qc1 Nd4 26. Nd2 Nh5 27. Nb3 Nxg3 28.
fxg3 Bh6 29. Nxa5 Bxg2 30. Kxg2 Qa8+ 31. Kg1 Qf3 32. Be4 Ne2+ 33. Rxe2 Bxe3+
34. Rxe3 Rxd1+ 35. Qxd1 Qxd1+ 36. Kf2 Qxa4 37. Nc6 Re6 38. b3 Rf6+ 0-1

[Event "Ostravský koník 2014 - MÈR"]
[Site "Ostrava, CZE"]
[Date "2014.05.02"]
[Round "7"]
[White "Stocek, Jiri"]
[Black "Konopka, Michal"]
[Result "1-0"]
[WhiteElo "2540"]
[BlackElo "2408"]
[PlyCount "127"]

1. Nf3 d5 2. c4 c6 3. d4 Nf6 4. Nc3 e6 5. Bg5 Nbd7 6. e3 Qa5 7. Qb3 Ne4 8. h4
Bb4 9. Rc1 b6 10. cxd5 cxd5 11. Nd2 Nxc3 12. bxc3 Ba3 13. Rc2 h6 14. Bf4 O-O
15. Bb5 Nf6 16. Bc6 Ba6 17. Bxa8 Rxa8 18. Nb1 Be7 19. f3 Rc8 20. Kf2 Rc4 21. g4
Nd7 22. Rb2 Ra4 23. Qc2 Bc4 24. Nd2 b5 25. g5 h5 26. Nxc4 Rxc4 27. g6 Rxc3 28.
gxf7+ Kxf7 29. Qe2 a6 30. Rc2 Rc4 31. Qd3 Qa3 32. Ke2 Qa4 33. Rb2 Ba3 34. Rb3
Be7 35. Qb1 b4 36. Rg1 Nf8 37. Be5 g6 38. Bg3 Qb5 39. Kf2 a5 40. Kg2 a4 41. Rb2
Rc3 42. Bf4 Qc4 43. Kh3 b3 44. axb3 axb3 45. Bh6 Rc2 46. Bxf8 Bxf8 47. Rg2 Qd3
48. Rbxc2 Qf5+ 49. Kh2 Bd6+ 50. Kg1 bxc2 51. Qxc2 Qf6 52. Qd3 Be7 53. Rh2 Kg7
54. Kg2 Bd8 55. Rh1 Bc7 56. Qb5 Bd8 57. Qd7+ Be7 58. Ra1 Kf7 59. Ra8 Qxh4 60.
Qe8+ Kf6 61. Qh8+ Kf7 62. Qg8+ Kf6 63. Rf8+ Kg5 64. f4+ 1-0

[Event "Ostravský koník 2014 - MÈR"]
[Site "Ostrava, CZE"]
[Date "2014.05.02"]
[Round "7"]
[White "Rasik, Vitezslav"]
[Black "Cvek, Robert"]
[Result "1/2-1/2"]
[WhiteElo "2456"]
[BlackElo "2519"]
[PlyCount "81"]

1. e4 e6 2. d4 d5 3. Nd2 Be7 4. Ngf3 Nf6 5. e5 Nfd7 6. Bd3 c5 7. c3 b6 8. Qe2
a5 9. O-O Ba6 10. c4 Nc6 11. cxd5 Bxd3 12. Qxd3 Nb4 13. Qe4 exd5 14. Qe2 O-O
15. b3 Re8 16. Bb2 Bf8 17. a3 Nc2 18. Rac1 Nxd4 19. Nxd4 Rxe5 20. Qb5 cxd4 21.
Nf3 Re8 22. Rfd1 Nc5 23. Bxd4 Qd6 24. Be3 Red8 25. b4 axb4 26. axb4 Ne6 27. Rb1
Rab8 28. h3 g6 29. Nd4 Nxd4 30. Bxd4 Bg7 31. Bxg7 Kxg7 32. Rbc1 Rbc8 33. Rxc8
Rxc8 34. Qxd5 Qxb4 35. Qe5+ Kg8 36. Rd7 Qb1+ 37. Kh2 Qa2 38. Qd4 b5 39. Rb7 Qc4
40. Qb2 Qf4+ 41. g3 1/2-1/2

[Event "Ostravský koník 2014 - MÈR"]
[Site "Ostrava, CZE"]
[Date "2014.05.02"]
[Round "7"]
[White "Krejci, Jan"]
[Black "Hausner, Ivan"]
[Result "1-0"]
[WhiteElo "2518"]
[BlackElo "2370"]
[PlyCount "65"]

1. d4 Nf6 2. c4 e6 3. Nc3 Bb4 4. e3 c5 5. Nge2 cxd4 6. exd4 b6 7. a3 Be7 8. d5
d6 9. dxe6 Bxe6 10. Nf4 O-O 11. Nxe6 fxe6 12. Qe2 e5 13. g3 Nc6 14. Bg2 Nd4 15.
Qd3 Rc8 16. O-O Qc7 17. Nd5 Nxd5 18. Bxd5+ Kh8 19. Be3 Bf6 20. Kg2 Qd7 21. Rae1
Rce8 22. b4 a6 23. Rc1 Rc8 24. Qe4 Rc7 25. f3 Qa4 26. Rc3 a5 27. Rb1 b5 28. c5
dxc5 29. bxc5 b4 30. axb4 axb4 31. Rcc1 Qb5 32. Bc4 Qxc5 33. Bd3 1-0

[Event "Ostravský koník 2014 - MÈR"]
[Site "Ostrava, CZE"]
[Date "2014.05.02"]
[Round "7"]
[White "Haba, Petr"]
[Black "Adamek, Jiri"]
[Result "1/2-1/2"]
[WhiteElo "2498"]
[BlackElo "2301"]
[PlyCount "64"]

1. e4 e6 2. d4 d5 3. e5 c5 4. c3 Nc6 5. Nf3 Qb6 6. a3 Nh6 7. b4 cxd4 8. cxd4
Nf5 9. Bb2 Be7 10. Bd3 a5 11. Qa4 O-O 12. b5 Nb8 13. O-O Nh4 14. Nxh4 Bxh4 15.
Qd1 g6 16. Nd2 f5 17. exf6 Bxf6 18. Nf3 Bg7 19. Re1 Nd7 20. a4 Rf6 21. h4 Nf8
22. h5 gxh5 23. Ne5 Bd7 24. Nxd7 Nxd7 25. Qxh5 h6 26. Re3 Raf8 27. Rae1 Qd6 28.
Qg4 Qf4 29. Qxf4 Rxf4 30. Rxe6 Rxf2 31. R6e2 Rxe2 32. Rxe2 Nb6 1/2-1/2

[Event "Ostravský koník 2014 - MÈR"]
[Site "Ostrava, CZE"]
[Date "2014.05.02"]
[Round "7"]
[White "Kriebel, Tadeas"]
[Black "Kislinsky, Alexey"]
[Result "1/2-1/2"]
[WhiteElo "2366"]
[BlackElo "2483"]
[PlyCount "78"]

1. e4 c5 2. Nf3 d6 3. d4 cxd4 4. Nxd4 Nf6 5. Nc3 g6 6. Be3 Bg7 7. f3 h5 8. Qd2
a6 9. Bc4 Nbd7 10. O-O-O Ne5 11. Bb3 Bd7 12. h3 b5 13. g4 Rc8 14. g5 b4 15.
Nce2 Nh7 16. f4 Nc4 17. Bxc4 Rxc4 18. Qd3 Qc7 19. f5 O-O 20. Nf4 Rc8 21. Kb1
Nf8 22. Nd5 Qd8 23. Rhf1 Be5 24. f6 exf6 25. gxf6 Ne6 26. Ne7+ Kh7 27. Nxc8
Qxc8 28. Nf5 Ba4 29. b3 Rc3 30. Qd2 Bc6 31. Bd4 gxf5 32. Rxf5 Bxe4 33. Rxh5+
Kg8 34. Bxe5 dxe5 35. Rg1+ Bg6 36. Qh6 Rxb3+ 37. axb3 Qxc2+ 38. Ka1 Qc3+ 39.
Ka2 Qc2+ 1/2-1/2